000 00361nam a22001571a 4500
020 _a9788126715343
082 _aH3
_bAJA/U
100 _aAjay Navriya
245 _aUdhar ke log/
_cby Ajay Navriya
260 _aNew Delhi:
_bRajkamal,
_c2008.
300 _a187p.
650 _aNovel Hindi
650 _aLiterature Hindi
650 _aLiterature
942 _cBK
999 _c47901
_d47901